| 000 | 01339cam a2200349 a 4500 | ||
|---|---|---|---|
| 001 | 1160920 | ||
| 003 | OSt | ||
| 005 | 20250901165747.0 | ||
| 008 | 960214s1996 nyua 000 0ceng | ||
| 010 | _a 96005335 | ||
| 020 | _a0684874350 | ||
| 040 |
_aDLC _cDLC _dDLC |
||
| 043 |
_ae-ie--- _an-us--- |
||
| 050 | 0 | 0 |
_aE 184 .I6 M117 1996 _bM117 1996 |
| 082 | 0 | 0 |
_a929/.2/0899162073 _220 |
| 100 | 1 | _aMcCourt, Frank. | |
| 245 | 1 | 0 |
_aAngela's ashes : _ba memoir / _cFrank McCourt. |
| 260 |
_aNew York : _bScribner, _cc1996. |
||
| 300 |
_a364 p. : _bill. ; _c25 cm. |
||
| 500 | _aSequel: 'Tis. | ||
| 600 | 3 | 0 | _aMcCourt family. |
| 600 | 1 | 0 |
_aMcCourt, Frank _xFamily. |
| 650 | 0 |
_aIrish Americans _xBiography. |
|
| 650 | 0 |
_aIrish Americans _zIreland _zLimerick (Limerick) _xBiography. |
|
| 651 | 0 |
_aLimerick (Limerick, Ireland) _xBiography. |
|
| 856 | 4 | 2 |
_3Contributor biographical information _uhttp://www.loc.gov/catdir/bios/simon051/96005335.html |
| 856 | 4 | 2 |
_3Publisher description _uhttp://www.loc.gov/catdir/description/simon033/96005335.html |
| 856 | 4 | 1 |
_3Sample text _uhttp://www.loc.gov/catdir/enhancements/fy0641/96005335-s.html |
| 906 |
_a7 _bcbc _corignew _d1 _eocip _f19 _gy-gencatlg |
||
| 942 |
_2lcc _cBK |
||
| 999 |
_c8889 _d8889 |
||